Caminos de vida : lecturas para ejercicios / por Remigio Vilariño, S. J.

Guardat en:
Dades bibliogràfiques
Autor principal: Vilariño, Remigio (autor)
Format: Llibre
Matèries:
Etiquetes: Afegir etiqueta
Sense etiquetes, Sigues el primer a etiquetar aquest registre!

MARC

LEADER 00000nam^a2200000^u^4500
001 000544127
005 20250521000000.0
008 060220s1000^^^^^^^^^^^^r^^^^^000^0^spa^d
009 20260310131322.509
035 |a FMI 000013208 
037 |a Acervo Xavier Clavigero 
096 |a 4.4.3/86/B 
100 |a Vilariño, Remigio  |e (autor) 
245 1 0 |a Caminos de vida : lecturas para ejercicios / por Remigio Vilariño, S. J. 
264 |a Bilbao : Mensajero, 1944 
300 |a -vol. 
336 |a texto  |b txt  |2 rdacontenido 
337 |a sin mediación  |b n  |2 rdamedio 
338 |a volumen  |b nc  |2 rdasoporte 
597 |a La Biblioteca posee: tomos 2 al 7 
649 |a XX 
650 |a COMENTARIOS MODERNOS DE EJERCICIOS 
910 |a Fondo Francisco Migoya Covarrubias S.J. 
920 |a Impresos - Libros 
930 |a Fondos Especiales 
905 |a 134 
901 |a SBC05842  |b IT2  |c ESP  |u 20250521 
901 |a SBC05781  |b IT2  |c ESP  |u 20250521 
901 |a SBC05840  |b IT2  |c ESP  |u 20250521 
901 |a SBC05764  |b IT2  |c ESP  |u 20250521 
901 |a SBC05789  |b IT2  |c ESP  |u 20250521 
901 |a SBC05841  |b IT2  |c ESP  |u 20250521 
902 |a https://opac.biblio.iteso.mx/vufind/Record/000544127